| 000 | 00828nam a2200241 i 4500 | ||
|---|---|---|---|
| 001 | bg | ||
| 100 | 1 | _aJAROSZAK, Zenobia | |
| 245 | 1 | 0 |
_aSkładnia i styl wypracowań licealistów : _bwybrane zagadnienia / _cZenobia Jaroszak ; Pomorska Akademia Pedagogiczna w Słupsku. |
| 260 |
_aSłupsk : _bWydaw. PAP, _c2004. |
||
| 300 |
_a222 s. : _btab., wykr., err. ; _c21 cm. |
||
| 504 | _aBibliogr. s. 212-218. | ||
| 650 | 9 |
_aJęzyk polski _xskładnia |
|
| 650 | 9 |
_aJęzyk polski _xstylistyka |
|
| 650 | 9 |
_aWypracowania szkolne _xjęzyk _zPolska _yod 1980 r. |
|
| 710 | 0 | _aPomorska Akademia Pedagogiczna (Słupsk) | |
| 020 | _a838873153X | ||
| 040 | _cBPK | ||
| 041 | 0 | _apol | |
| 080 | _a811.162.1'367:811.162.1'38:371.322(438)"1980/..." | ||
| 920 | _a83-88731-53-X | ||
| 942 | _cKS | ||
| 008 | s pl f |000 0 pol | ||
| 999 |
_c44380 _d44380 |
||